Τεχνοπώλιο : η υποταγή του πολιτισμού στην τεχνολογία
Αποθηκεύτηκε σε:
| Κύριος συγγραφέας: | |
|---|---|
| Άλλοι συγγραφείς: | |
| Μορφή: | Βιβλίο |
| Γλώσσα: | Greek English |
| Δημοσίευση: |
Αθήνα :
Καστανιώτη,
c1997.
|
| Σειρά: | Επικοινωνία και κοινωνία
|
| Θέματα: | |
| Ετικέτες: |
Προσθήκη ετικέτας
Δεν υπάρχουν, Καταχωρήστε ετικέτα πρώτοι!
|
MARC
| LEADER | 00000cam a2200000 i 4500 | ||
|---|---|---|---|
| 001 | 1/70880 | ||
| 008 | 000223s1997 gr | ||| |||| ||gre|| | ||
| 020 | |a 9600323755 | ||
| 035 | |l 10076361 | ||
| 040 | |a GR-MyUa |b gre |e AACR2 | ||
| 041 | 1 | |a gre |h eng | |
| 082 | 7 | |a 303.483 |2 (21) | |
| 100 | 1 | |a Postman, Neil. | |
| 245 | 1 | 0 | |a Τεχνοπώλιο : |b η υποταγή του πολιτισμού στην τεχνολογία / |c Νιλ Πόστμαν ; εισαγωγή-επιμέλεια Στέλιος Παπαθανασόπουλος ; μετάφραση Κάτια Μεταξά. |
| 260 | |a Αθήνα : |b Καστανιώτη, |c c1997. | ||
| 300 | |a 206 σ. ; |c 25 εκ. | ||
| 490 | 1 | |a (Επικοινωνία και κοινωνία) | |
| 500 | |a Τα Παραρτήματα Μυτιλήνης και Σάμου έχουν την ανατύπωση του 1999. | ||
| 504 | |a Βιβλιογραφία: σ. 203-206. | ||
| 500 | |a Μετάφραση του: Technopoly. | ||
| 650 | 0 | |a Technology |x Social aspects. | |
| 700 | 1 | |a Παπαθανασόπουλος, Στέλιος, |e edt | |
| 830 | 0 | |a Επικοινωνία και κοινωνία | |
| 852 | |a INST |b LESVOS |e 20000223 |h 303.483 POS |p 005100021482 |q 005100021482 |t BK |y 4 |x 20000316 | ||
| 852 | |a INST |b LESVOS |e 20140513 |h 303.483 POS |p 005100054172 |q 005100054172 |t BK |y 0 | ||
| 852 | |a INST |b LESVOS |e 20140513 |h 303.483 POS |p 005100054173 |q 005100054173 |t BK |y 0 | ||
| 852 | |a INST |b RHODES |e 20151020 |h 303.483 POS |p 005400038065 |q 005400038065 |t BK |y 0 | ||
| 852 | |a INST |b SAMOS |e 20050222 |h 303.483 POS |p 005300022596 |q 005300022596 |t BK |y 0 | ||
| 852 | |a INST |b SYROS |e 20141023 |h 303.483 POS |p 005500012404 |q 005500012404 |t BK |y 0 | ||
| 901 | |a BIBL5-2014-3 | ||
| 901 | |a BIBL3-2005-1 | ||
| 901 | |a BIBL1-2000-1 | ||
| 901 | |a BIBL1-2014-2 | ||
| 920 | |a Εργαστήριο Πολιτισμικής Επικοινωνίας και Τεκμηρίωσης |y Λέσβος |z 2000-02 | ||
| 922 | |a 3ΕΛΗ |b 200411 |c ΚΥΒ /Βιβλιοθήκη |d Παπαγεωργίου | ||
| 950 | |a 127-2004-11-04 | ||
| 970 | |a Τζαφέρη |b Ευαγγελία |z 23/02/2000 | ||